000 00748nam a22001337a 4500
040 _cRUA
082 _aAGR YE 2015 B474 Or.1
100 _aYE REY; យុើ រ៉ី
245 _aEffect of seed rates and herbicedes on direct seeding of senpidao rice variety at royal university of agriculture, ឥទ្ធិពលនៃកម្រិតគ្រាប់ពូជ និងថ្នាំកំចាត់ស្មៅលើពូជស្រូវសែនពិដោរព្រោះដោយម៉ាស៊ីនសាបគ្រាប់នៅសាកលវិទ្យាល័យភូមិន្ទកសិកម្ម
260 _aPhnom Penh
_bRUA
_c2015
300 _axviii,59p.
_bill.
_c29cm.
856 _uYE REY
942 _cAGR
999 _c8070
_d8070